Score 0/46 Timer 06:00
0 Plays Today
Clue 4-Letter Word % Correct
Apple pie à la ____MODE
88.3%
McCartney's instrumentBASS
87.7%
Self-defense sprayMACE
87.7%
Tramp's loveLADY
87.1%
Springsteen nicknameBOSS
86.6%
Go yachtingSAIL
86.4%
Lack of difficultyEASE
86.3%
FashionedMADE
85.4%
Center of operationsBASE
85.3%
FrillyLACY
85%
Attend to tablesWAIT
84.7%
Model MacPhersonELLE
84.6%
Cry in despairWAIL
84.5%
Witch's blemishWART
84.3%
UtteredSAID
84.1%
Long involuntary sleepCOMA
83.2%
Pig fatLARD
83%
Superman's squeezeLOIS
83%
Undesirable outcomeLOSS
82.9%
Command for RoverCOME
81.6%
Deferential term for GodLORD
81.2%
1950s fad hoopHULA
80.6%
American truck manufacturerMACK
80.2%
Clue 4-Letter Word % Correct
Have a shortcomingLACK
80%
Logical choice: If…Then…____ELSE
77.8%
A culture's history and legendsLORE
77.5%
Enchanted girl in 2004 movieELLA
77.3%
1993 hit by JamesLAID
76.7%
Hello in HondurasHOLA
76.4%
Load with cargoLADE
75%
Bunyan's oxBABE
74%
1980s commercial warCOLA
73.9%
Togo capitalLOME
73.5%
Changes, or '60s Who fansMODS
72.8%
Did bidBADE
72.2%
Tentative or suspiciousWARY
71.8%
Month, in MarseillesMOIS
71%
Software End User License AgreementEULA
69.2%
Command to immobilize RoverSTAY
68.4%
Thin and toughWIRY
68.4%
Well vented; breezyAIRY
66.3%
River in HadesSTYX
62.5%
UndulateSWAY
60.8%
On the roadAWAY
60.4%
Gone haywireAWRY
57.9%
Sam And Dave's record labelSTAX
55.5%

Today's Daily Dose

Missing Word
'T' Pairs

Word Ladder
Game Pieces

Get the Picture
Baseball Movies

Remove Ads.
Support Sporcle.
Get the best of Sporcle when you Go Orange. This ad-free experience offers more features, more stats, and more fun while also helping to support Sporcle. Thank you for becoming a member.

You're not logged in!

Compare scores with friends on all Sporcle quizzes.
OR
Log In

Show Comments

Extras

Top Quizzes Today


Score Distribution

Your Account Isn't Verified!

In order to create a playlist on Sporcle, you need to verify the email address you used during registration. Go to your Sporcle Settings to finish the process.

Report this User

Report this user for behavior that violates our Community Guidelines.

Details: